00979 2200337 4500001002100000005001500021035002000036007000300056008004100059040001700100100002100117245012400138250001100262300003800273504002500311020002200336041000800358082001200366084001800378090001800396260003300414500002900447650001200476850001000488700002300498990002400521990002400545990002400569990002400593990002400617INLIS00000000000201120260603123737 a0010-0120000454ta260603 0  aSBPUPADbind0 aNurheti Yuliarti1 aThe Miracle Of Colors :bKeajaiban Buah & Sayur Warna Cokelat, Hijau, dan Putih /cNurheti Yuliarti; Editor,Aldo Sahala a.-Ed.1 avi, 186 hlm. :bIlus. ;c15x19 cm abibliografi, hlm 185 a978-979-29-6649-70 aind a641.303 a641.303 NUR t a302 SAI n 3-2 a.--Yogyakarta :bAndi,c2017 aTentang Penulis, hlm 186 4aMakanan aPUPAD0 aEditor,Aldo Sahala a33.547/DAK/DPK/2019 a33.549/DAK/DPK/2019 a33.550/DAK/DPK/2019 a33.548/DAK/DPK/2019 a33.550/DAK/DPK/2019